Normal view MARC view

Entry Nombre personal

Number of records used in: 3

001 - NÚMERO DE CONTROL

  • campo de control: 242915

003 - IDENTIFICADOR DE NÚMERO DE CONTROL

  • campo de control: SpMaBN

005 - FECHA Y HORA DE LA ÚLTIMA TRANSACCIÓN

  • campo de control: 20260316162857.0

008 - ELEMENTOS DE DATO DE LONGITUD-FIJA

  • campo de control de longitud fija: 130284nn aijnnaabn a aaa

016 ## - NÚMERO DE CONTROL DE UNA AGENCIA BIBLIOGRÁFICA NACIONAL

  • Número de control del registro: BNE19924720025

024 7# - IDENTIFICADOR DE OTROS ESTÁNDARES

  • Número estándar o código: http://viaf.org/viaf/17231985/
  • Fuente: viaf

024 7# - IDENTIFICADOR DE OTROS ESTÁNDARES

  • Número estándar o código: https://isni.org/isni/0000000108744758
  • Fuente: isni

024 7# - IDENTIFICADOR DE OTROS ESTÁNDARES

  • Número estándar o código: http://www.wikidata.org/entity/Q309903
  • Fuente: wikidata

035 ## - NÚMERO DE CONTROL DEL SISTEMA

  • Número de control de sistema: (SpMaBN)XX994130

040 ## - FUENTE DE CATALOGACIÓN

  • Centro catalogador/agencia de origen: SpMaBN
  • Lengua de catalogación: spa
  • Centro/agencia transcriptor: SpMaBN
  • Normas de descripción: rdc
  • Convención/Normas de encabezamiento de materia/tesauro: embne

046 ## - FECHAS CON CODIFICACIÓN ESPECIAL

  • Fecha de nacimiento: 1717
  • Fecha de la muerte: 1797

100 1# - ENCABEZAMIENTO-NOMBRE DE PERSONA

  • Nombre de persona: Walpole, Horace,
  • Fechas asociadas al nombre: 1717-1797

368 ## - OTROS ATRIBUTOS DE PERSONA O ENTIDAD CORPORATIVA

  • Título de persona: Conde de Orford, IV

370 ## - LUGAR ASOCIADO

  • Lugar de nacimiento: Gran Bretaña, Inglaterra, Gran Londres, Londres

372 ## - CAMPO DE ACTIVIDAD

  • Campo de actividad: Ficción gótica
  • Fuente de información: Wikidata

373 ## - GRUPO ASOCIADO

  • Grupo asociado: Royal Society
  • Fuente de información: Wikidata

374 ## - OCUPACIÓN

  • Ocupación: Escritores
  • Ocupación: Novelistas
  • Ocupación: Políticos
  • Ocupación: Parlamentarios
  • Ocupación: Historiadores
  • Ocupación: Coleccionistas
  • Ocupación: Arquitectos

375 ## - GÉNERO/SEXO

  • Género: Masculino

377 ## - IDIOMA ASOCIADO

  • Término de lengua/lenguaje: Inglés

400 1# - TRAZADO DE VÉASE--NOMBRE DE PERSONA

  • Nombre de persona: Walpole, Horace,
  • Títulos y otros términos asociados al nombre: Earl of Orford
  • Fechas asociadas al nombre: 1717-1797

400 1# - TRAZADO DE VÉASE--NOMBRE DE PERSONA

  • Nombre de persona: Orford, Horace Walpole,
  • Títulos y otros términos asociados al nombre: Earl of
  • Fechas asociadas al nombre: 1717-1797

400 1# - TRAZADO DE VÉASE--NOMBRE DE PERSONA

  • Nombre de persona: Walpole, Horatio
  • Fechas asociadas al nombre: 1717-1797

670 ## - FUENTE DE DATOS ENCONTRADOS

  • Cita de la fuente: Cuentos jeroglíficos, 1995
  • Información encontrada: port. (Horace Walpole) cub. (1717-1797)

670 ## - FUENTE DE DATOS ENCONTRADOS

  • Cita de la fuente: Dic. de escritores célebres, 1995
  • Información encontrada: (Walpole, Horace; escritor inglés (Londres, 1717-1797))

670 ## - FUENTE DE DATOS ENCONTRADOS

  • Cita de la fuente: WWW LC auth. file, 22-1-2001
  • Información encontrada: (Walpole, Horace, 1717-1797)

670 ## - FUENTE DE DATOS ENCONTRADOS

  • Cita de la fuente: WWW.Wikipedia, 24-09-2019
  • Información encontrada: (Walpole, Horace; político, escritor e innovador arquitecto británico, nacido en Londres en 1717, fallecido en Londres en 1797; hijo del primer ministro británico Robert Walpole; miembro del parlamento británico; precursor de la novela gótica o de terror,con su obra más célebre, El castillo de Otranto)

856 ## - LOCALIZACIÓN Y ACCESO ELECTRÓNICOS

  • Identificador Uniforme de Recursos: https://catalogo.bne.es/discovery/search?query=holdings_information,contains, Horace Walpole (1717-1797) ,AND&tab=LibraryCatalog&search_scope=MyInstitution&vid=34BNE_INST:CATALOGO&lang=es&mode=advanced&offset=0
  • Texto de enlace: Obras de su colección en la BNE